Sorrows of young werther / (Record no. 8959)
[ view plain ]
| 000 -LEADER | |
|---|---|
| fixed length control field | 01296cam a22003378i 4500 |
| 001 - CONTROL NUMBER | |
| control field | 22157742 |
| 003 - CONTROL NUMBER IDENTIFIER | |
| control field | LIBRIS |
| 005 - DATE AND TIME OF LATEST TRANSACTION | |
| control field | 20260607103351.0 |
| 008 - FIXED-LENGTH DATA ELEMENTS--GENERAL INFORMATION | |
| fixed length control field | 171221s1989 xx |||||||||||000 0|eng|d |
| 020 ## - INTERNATIONAL STANDARD BOOK NUMBER | |
| International Standard Book Number | 9780140445039 |
| Qualifying information | |
| 035 ## - SYSTEM CONTROL NUMBER | |
| System control number | (BOKR)9780140445039 |
| 040 ## - CATALOGING SOURCE | |
| Original cataloging agency | BOKR |
| Description conventions | i |
| Transcribing agency | n |
| 041 ## - LANGUAGE CODE | |
| Language code of text/sound track or separate title | eng |
| 082 ## - DEWEY DECIMAL CLASSIFICATION NUMBER | |
| Classification number | 833.6 G598 1989 |
| 100 1# - MAIN ENTRY--PERSONAL NAME | |
| Personal name | Goethe, Johann Wolfgang Von |
| Relationship | aut |
| 245 10 - TITLE STATEMENT | |
| Title | Sorrows of young werther / |
| Statement of responsibility, etc. | Johann Wolfgang von Goethe |
| 263 ## - PROJECTED PUBLICATION DATE | |
| Projected publication date | 198903 |
| 264 #1 - PRODUCTION, PUBLICATION, DISTRIBUTION, MANUFACTURE, AND COPYRIGHT NOTICE | |
| Name of producer, publisher, distributor, manufacturer | Penguin Books Ltd, |
| Date of production, publication, distribution, manufacture, or copyright notice | 1989 |
| 300 ## - PHYSICAL DESCRIPTION | |
| Extent | 144 sidor |
| Dimensions | 19.6 cm |
| 336 ## - CONTENT TYPE | |
| Content type term | Text |
| Content type code | txt |
| Source | rdacontent |
| 337 ## - MEDIA TYPE | |
| Media type term | Omedierad resurs |
| Media type code | n |
| Source | rdamedia |
| 338 ## - CARRIER TYPE | |
| Carrier type term | Volym |
| Carrier type code | nc |
| Source | rdacarrier |
| 650 ## - SUBJECT ADDED ENTRY--TOPICAL TERM | |
| Topical term or geographic name entry element | German fiction | Epistolary fiction | Unrequited love | Young men | Fiction | Suicide | Fiction | Romanticism | German literature | Goethe, Johann Wolfgang von | Translations into English |
| 655 #4 - INDEX TERM--GENRE/FORM | |
| Genre/form data or focus term | Ej sk�nlitteratur |
| Authority record control number or standard number | https://id.kb.se/term/ktg/NonFictionLiterature |
| 700 1# - ADDED ENTRY--PERSONAL NAME | |
| Personal name | Hulse, Michael |
| Relationship | trl |
| 887 ## - NON-MARC INFORMATION FIELD | |
| Content of non-MARC field | {"@id":"2ldvd13d3ldd85l","modified":"2018-10-03T15:02:44.88+02:00"} |
| Source of data | librisxl |
| 887 ## - NON-MARC INFORMATION FIELD | |
| Content of non-MARC field | {"@id":"gz2j1dj7dtrmksn5","modified":"2023-10-30T18:58:07.331+01:00"} |
| Source of data | librisxl |
| 942 ## - ADDED ENTRY ELEMENTS (KOHA) | |
| Source of classification or shelving scheme | Dewey Decimal Classification |
| Koha item type | English Book |
| Suppress in OPAC | No |
No items available.
